TB OF PATHOLOGY-II (PATHOPHYSIOLOGY) (Record no. 646)
[ view plain ]
| 000 -LEADER | |
|---|---|
| fixed length control field | 00324nam a2200133Ia 4500 |
| 008 - FIXED-LENGTH DATA ELEMENTS--GENERAL INFORMATION | |
| fixed length control field | 150201s2009 xx 000 0 und d |
| 082 ## - DEWEY DECIMAL CLASSIFICATION NUMBER | |
| Classification number | 616.07 |
| Item number | P09B |
| 100 ## - MAIN ENTRY--PERSONAL NAME | |
| Personal name | BANSAL,R |
| 245 ## - TITLE STATEMENT | |
| Title | TB OF PATHOLOGY-II (PATHOPHYSIOLOGY) |
| 250 ## - EDITION STATEMENT | |
| Edition statement | 1ST |
| 260 ## - PUBLICATION, DISTRIBUTION, ETC. (IMPRINT) | |
| Name of publisher, distributor, etc. | BIRLA PUB. |
| Place of publication, distribution, etc. | DELHI |
| Date of publication, distribution, etc. | 2009 |
| 650 ## - SUBJECT ADDED ENTRY--TOPICAL TERM | |
| Topical term or geographic name as entry element | PATHOLOGY |
| 942 ## - ADDED ENTRY ELEMENTS (KOHA) | |
| Source of classification or shelving scheme | Dewey Decimal Classification |
| Koha item type | Books |
| Koha issues (borrowed), all copies | 3 |
| Withdrawn status | Lost status | Source of classification or shelving scheme | Damaged status | Not for loan | Collection code | Home library | Current library | Shelving location | Date acquired | Source of acquisition | Cost, normal purchase price | Serial Enumeration / chronology | SGTU | Bill Number | Total Checkouts | Full call number | Barcode | Date last seen | Date last checked out | Bill Date | Koha item type |
|---|---|---|---|---|---|---|---|---|---|---|---|---|---|---|---|---|---|---|---|---|---|
| Dewey Decimal Classification | MEDICAL | SGT Medical Library | SGT Medical Library | Text Book | 26/02/2010 | U.B.S. DELHI | 390.00 | II | SGTU | 993 | 2 | 616.07 P09B | FM2951 | 15/12/2022 | 22/11/2022 | 26/02/2010 | Books | ||||
| Dewey Decimal Classification | MEDICAL | SGT Medical Library | SGT Medical Library | Text Book | 26/02/2010 | U.B.S. DELHI | 390.00 | II | SGTU | 993 | 616.07 P09B | FM2952 | 21/12/2016 | 26/02/2010 | Books | ||||||
| Dewey Decimal Classification | MEDICAL | SGT Medical Library | SGT Medical Library | Text Book | 26/02/2010 | U.B.S. DELHI | 390.00 | II | SGTU | 993 | 616.07 P09B | FM2953 | 23/01/2017 | 26/02/2010 | Books | ||||||
| Dewey Decimal Classification | MEDICAL | SGT Medical Library | SGT Medical Library | Text Book | 26/02/2010 | U.B.S. DELHI | 390.00 | II | SGTU | 993 | 3 | 616.07 P09B | FM2954 | 12/04/2023 | 05/04/2023 | 26/02/2010 | Books | ||||
| Dewey Decimal Classification | MEDICAL | SGT Medical Library | SGT Medical Library | Text Book | 26/02/2010 | U.B.S. DELHI | 390.00 | II | SGTU | 993 | 3 | 616.07 P09B | FM2955 | 06/04/2023 | 23/03/2023 | 26/02/2010 | Books |